| Tag |
First Indicator |
Second Indicator |
Subfields |
| LEADER |
00000pam a2200000 a 4500 |
| 001 |
in00000092237 |
| 005 |
20150923132015.0 |
| 008 |
810828s1982 mnua b s00110 eng |
| 010 |
|
|
|a 81014693
|
| 020 |
|
|
|a 0816609799 :
|c $25.00
|
| 020 |
|
|
|a 0816609829 (pbk.) :
|c $9.95
|
| 035 |
|
|
|a (OCoLC)07795139
|
| 035 |
|
|
|9 AAK7319AM
|
| 039 |
0 |
|
|a 2
|b 3
|c 3
|d 3
|e 3
|
| 040 |
|
|
|a DLC
|c DLC
|d TXA
|d UtOrBLW
|
| 043 |
|
|
|a n-us-mn
|
| 049 |
|
|
|a TXAM
|c [1362597]
|
| 050 |
0 |
0 |
|a QL628 M6
|b P47 1982
|
| 082 |
0 |
|
|a 597.092/9776
|2 19
|
| 100 |
1 |
|
|a Phillips, Gary L.
|
| 245 |
1 |
0 |
|a Fishes of the Minnesota region /
|c Gary L. Phillips, William D. Schmid, James C. Underhill.
|
| 264 |
|
1 |
|a Minneapolis :
|b University of Minnesota Press,
|c [1982]
|
| 264 |
|
4 |
|c ©1982
|
| 300 |
|
|
|a x, 248 pages :
|b illustrations (some color) ;
|c 23 cm.
|
| 336 |
|
|
|a text
|b txt
|2 rdacontent
|
| 337 |
|
|
|a unmediated
|b n
|2 rdamedia
|
| 338 |
|
|
|a volume
|b nc
|2 rdacarrier
|
| 500 |
|
|
|a Includes index.
|
| 504 |
|
|
|a Bibliography: pages 46-49.
|
| 650 |
|
0 |
|a Fishes
|z Minnesota.
|
| 700 |
1 |
|
|a Schmid, William D.
|
| 700 |
1 |
|
|a Underhill, James Campbell.
|
| 999 |
|
|
|a MARS
|
| 999 |
f |
f |
|s ac5da710-01b5-39ae-88c1-2d6e70441470
|i 8906f33d-4a2b-355d-886d-ebc07374fa31
|t 0
|
| 952 |
f |
f |
|p ric
|a Texas A&M University
|b Rellis Campus
|c Joint Library Facility
|d Remote Storage
|t 0
|e QL628 M6 P47 1982
|h Library of Congress classification
|i unmediated -- volume
|m A14805983292
|
| 998 |
f |
f |
|a QL628 M6 P47 1982
|t 0
|l Remote Storage
|